Book Preview - Los evangélicos (Registro nro. 68798)
[ vista simple ]
| 000 -LÍDER | |
|---|---|
| Campo fijo de descripción fija | 01664nab a2200253 i 4500 |
| 001 - NÚMERO DE CONTROL | |
| Campo de control | 768714001 |
| 003 - IDENTIFICADOR DEL NÚMERO DE CONTROL | |
| Campo de control | CO-MdFUSB |
| 005 - FECHA Y HORA DE LA ULTIMA TRANSACCIÓN | |
| control field | 20240506090032.0 |
| 008 - ELEMENTOS DE LONGITUD FIJA -- INFORMACIÓN GENERAL | |
| Campo fijo de descripción fija -- Información general | 230428s2009 ag ||||| |||| 00| 0 eng d |
| 022 ## - NÚMERO INTERNACIONAL NORMALIZADO PARA PUBLICACIONES SERIADAS | |
| Número Internacional Normalizado para Publicaciones Seriadas | 1669-8649 |
| 040 ## - FUENTE DE CATALOGACIÓN | |
| Idioma de catalogación | spa |
| Agencia Catalogadora | CO-MdFUSB |
| Agencia que realiza la transcripción | CO-MdFUSB |
| Agencia que realiza la modificación | CO-MdFUSB |
| 041 ## - CÓDIGO DE IDIOMA | |
| Código de idioma para texto/pista de sonido o título separado | eng |
| 100 1# - ASIENTO PRINCIPAL--NOMBRE PERSONAL | |
| Nombre personal | González, Justo L., |
| Fechas asociadas con el nombre | 1937- |
| Término relacionador | autor |
| 245 1# - TÍTULO | |
| Título | Book Preview - Los evangélicos |
| Subtitulo | : portraits of latino protestantism in the United States |
| Mención de responsabilidad | / Justo L. González ; editado por Juan Francisco Martínez , Lindy Scott |
| 300 ## - DESCRIPCIÓN FÍSICA | |
| Extensión | Volumen 4, número 1 (2009), páginas 95 - 99 |
| Dimensiones | ; 20 cm |
| 520 ## - NOTA DE RESUMEN, ETC. | |
| Nota de sumario, etc. | Conocer la historia del cristianismo les ayuda a los evangélicos a saber de dónde vienen, y cómo llegaron a ser quienes son como iglesia latina. Este artículo habla sobre la importancia de este libro, naciente en el conocimiento de la historia evangélica latinoamericana, el reconocimiento de las interpretaciones originadas allí, y la importancia de estas. Añadido a eso, el autor habla de este libro como una invitación a dar los próximos pasos, los cuales emergen en la recopilación, organización, ubicación contextual, y la utilización de este arduo trabajo para corregir el modo tradicional de contar la historia del cristianismo en los Estados Unidos. |
| 546 ## - NOTA DE IDIOMA | |
| Nota de idioma | Texto en Inglés |
| 653 ## - TÉRMINO DE INDIZACIÓN - NO CONTROLADO | |
| Término no controlado | Migración e Inmigración |
| 700 ## - ENTR. SECUNDARIA - Nombre Personal (R) | |
| Nombre de persona | Martínez, Juan Francisco, |
| Término indicativo de función | editor |
| 700 ## - ENTR. SECUNDARIA - Nombre Personal (R) | |
| Nombre de persona | Scott, Lindy, |
| Término indicativo de función | editor |
| 773 0# - ASIENTO DE ITEM FUENTE | |
| Biblionumber | 49416 |
| Itemnumber | 81274 |
| Lugar, editorial y fecha de publicación | Santiago de Chile |
| Otro identificador del ítem | R1722 |
| Título | Journal of Latin American Theology : |
| Número de control del registro | (CO-MdFUSB)118 |
| Número Internacional Normalizado para Publicaciones Seriadas (ISSN) | 1669-8949 |
| Parte(s) relacionada(s) / Volumen., número. (mes año), páginas | Volumen 4, número 1 (2009), páginas 95 - 99 |
| Enumeración y primera página | página 95 |
| 942 ## - TIPO DE MATERIAL (KOHA) | |
| Tipo de Item KOHA | Artículos de Revista |
| 945 ## - INFORMACIÓN LOCAL DEL REGISTRO | |
| Catalogador | JTF-945 |
No hay ítems disponibles.
